Memories - Conan Gray - Statistics

General Stats
  • This quiz has been taken 66 times
  • The average score is 372 of 458
Answer Stats
Hint Answer % Correct
a
97%
I
97%
me
97%
an
94%
for
94%
memories
94%
to
94%
you
94%
and
91%
be
91%
the
91%
all
88%
can't
88%
do
88%
i'm
88%
in
88%
it
88%
just
88%
my
88%
no
88%
stay
88%
that
88%
when
88%
Pre Chorus But
84%
but
84%
love
84%
we
84%
your
84%
back
81%
'cause
81%
don't
81%
from
81%
hear
81%
Verse 1 It's
81%
it's
81%
let
81%
look
81%
make
81%
not
81%
now
81%
Verse 2 Now
81%
say
81%
Pre Chorus So
81%
things
81%
time
81%
up
81%
wanna
81%
would
81%
you're
81%
at
78%
been
78%
crying
78%
friend
78%
get
78%
hold
78%
is
78%
lover
78%
on
78%
over
78%
playing
78%
ruin
78%
see
78%
than
78%
this
78%
too
78%
traumatized
78%
wish
78%
about
75%
busy
75%
could
75%
couple
75%
door
75%
drunk
75%
ever
75%
kitchen
75%
other
75%
reason
75%
show
75%
that's
75%
tonight
75%
victim
75%
each
72%
enough
72%
eyes
72%
falling
72%
felt
72%
hard
72%
haven't
72%
late
72%
listening
72%
months
72%
night
72%
pictures
72%
put
72%
somebody
72%
stop
72%
there's
72%
today
72%
trying
72%
with
72%
again
69%
as
69%
away
69%
good
69%
long
69%
Intro One
69%
one
69%
open
69%
past
69%
please
69%
position
69%
same
69%
smile
69%
talk
69%
already
66%
always
66%
brown
66%
end
66%
ending
66%
entrance
66%
harder
66%
i'll
66%
keep
66%
lettin'
66%
turn
66%
were
66%
while
66%
whole
66%
feel
63%
fetal
63%
kinda
63%
like
63%
ringin'
63%
somethin'
63%
two
63%
was
63%
barely
59%
beginning
59%
believin'
59%
came
59%
exist
59%
fighting
59%
grab
59%
guess
59%
here
59%
promise
59%
surviving
59%
takes
59%
goodbye
56%
makes
56%
stays
56%
still
56%
curled
53%
dying
53%
find
53%
pourin'
53%
wet
53%
books
50%
bought
50%
dog
50%
clothes
47%
cologne
47%
if
47%
own
47%
Bridge Since
47%
everything
44%
doorbell
41%
coat
34%
No matching quizzes found
Score Distribution
Percent of People with Each Score
Percentile by Number Answered
Your Score History
You have not taken this quiz